[Event "RUS-Cup2"]
[Site "Moscow"]
[Date "1996.??.??"]
[Round "9"]
[White "Notkin, Maksim"]
[Black "Yevseev, Denis"]
[Result "1-0"]
[WhiteElo "2520"]
[BlackElo "2395"]
[Annotator "Notkin,M"]
[PlyCount "101"]
[EventDate "1996.11.28"]
[EventType "swiss"]
[EventRounds "9"]
[EventCountry "RUS"]
[SourceTitle "CBM 056 Extra"]
[Source "ChessBase"]
[SourceDate "1997.03.01"]
[SourceVersion "1"]
[SourceVersionDate "1997.03.01"]
[SourceQuality "1"]

1. d4 d5 2. c4 c6 3. Nc3 Nf6 4. Nf3 e6 5. e3 Nbd7 6. Qc2 Bd6 7. Bd3 O-O 8. O-O
dxc4 9. Bxc4 b5 10. Bd3 (10. Be2) 10... Bb7 (10... Qe7 $6 11. Bd2 Bb7 12. e4 e5
13. Ne2 $1 c5 14. Ng3 $1 g6 15. dxe5 Nxe5 16. Bxb5 $16 {Kramnik,V-Shirov,A/
Belgrade/1995/0,5/57/}) 11. e4 (11. a3 Qe7 (11... Rc8) (11... a6 $5) 12. Ng5 $5
Bxh2+ 13. Kxh2 Ng4+ 14. Kg1 Qxg5 15. f3 Ngf6 16. e4 Qh4 17. Qf2 Qxf2+ 18. Kxf2
$44 {Vyzmanavin,A-Shirov,A/Tilburg/1992/1:0/60/}) 11... e5 12. Rd1 (12. dxe5
Nxe5 13. Nxe5 Bxe5 14. h3 Re8 15. Be3 Qe7 16. Rae1 a6 17. Ne2 c5 $1 18. Bxc5
Qc7 19. Bd4 $10 {Portisch,L-Tukmakov,V/Reggio Emilia/1987/0,5/19/}) 12... Qb8
$5 (12... Qc7 13. h3 a6 14. Bg5 (14. a4) 14... exd4 15. Nxd4 g6 (15... h6 $6
16. Be3 Rfe8 17. Nf5 Bh2+ 18. Kh1 Bf4 19. a4 $14 {Agrest,E-Bagirov,V/ITA/1994/
1:0/44/}) 16. Nf3 Rfe8 17. Rd2 Bf4 18. Bxf4 Qxf4 19. Ne2 Qc7 20. Ng3 c5 $15 {
Mohandessi,S-Kuczynski,R/Debrecen/1992/}) 13. h3 a6 (13... exd4 14. Nxd4 Ne5
15. Nf5 (15. Be2 Ng6 $13) 15... Nxd3 16. Nxd6 $14) 14. a4 Re8 (14... c5 $6 15.
dxc5 Nxc5 16. axb5 axb5 17. Rxa8 Bxa8 18. Nxb5 Nxd3 19. Qxd3 Bxe4 (19... Bb4
20. Qc4 Bxe4 (20... Ba5 21. Qa4) 21. Qxb4 Bc6 22. Nxe5 $16) (19... Nxe4 20.
Nxd6 Rd8 21. Nxe5 Rxd6 22. Qc2 $16) 20. Qxd6 Qxb5 21. Nxe5 $14) 15. Be3 (15.
Bg5 exd4 (15... h6 16. Bh4) 16. Nxd4 g6 (16... c5 17. Nf5 Bh2+ 18. Kh1 c4 19.
Bf1 {/\Nd5|^/}) 17. Nde2 $5 $13) 15... exd4 16. Bxd4 (16. Nxd4 $2 b4 17. Nce2
c5 18. Nf5 Bh2+ 19. Kh1 Nxe4) 16... b4 (16... Ne5 17. Nxe5 Bxe5 18. Ne2 $14)
17. Nb1 $1 c5 18. Bxf6 Nxf6 19. Nbd2 Bf4 20. Re1 (20. Qxc5 Nxe4 $10) 20... Bxd2
21. Nxd2 Qf4 22. Re3 Nd7 23. Nc4 Ne5 24. Nxe5 (24. Nd6 $5 Nf3+ (24... Nxd3 25.
Nxe8 c4 26. Rf3 Qb8 27. Qxc4 Ne5 28. Qxb4 Nxf3+ 29. gxf3 $16) (24... Ng4 25.
hxg4 Qxd6 26. Rae1 Qe5 27. Bc4 $14) 25. Rxf3 Qxd6 26. Re1 Re5 27. Rfe3 $14)
24... Rxe5 (24... Qxe5 $5) 25. Rae1 Rae8 26. Qe2 (26. g3 Qh6 27. f4 R5e7 28.
Kh2 (28. Qxc5 Qxh3 29. Bf1 (29. Qxb4 Bxe4 $1 $10) 29... Qg4 30. Qxb4 h5 $44) (
28. h4 Qc6 29. Kh2 Rd8 30. Bc4 (30. e5 $2 Red7 {/\Rd3/}) 30... Qc7 $13) 28...
Bc8 29. h4 Qc6 30. e5 g6 $13) 26... Qh6 $6 (26... a5 $14) 27. Qf1 $1 g5 (27...
Qc6 28. f4 R5e7 29. b3 $16 {/\e5/}) 28. f3 f5 (28... Rd8 29. Bc4 Qf6 30. Rd3
Ree8 31. Red1 $16) 29. R3e2 fxe4 (29... Qd6 30. Bc4+ Kg7 31. exf5 $1 Qd4+ 32.
Qf2) 30. fxe4 Rf8 (30... Qe6 31. Rf2 Bxe4 32. Rf6 Qe7 (32... Qd7 33. Bc4+ Bd5
34. Rxe5 Rxe5 35. Rf8+ Kg7 36. Qf6#) 33. Bc4+ Kh8 34. Rf7 Qd6 35. Rd1 $18) (
30... Qg6 31. Bc4+ Kg7 32. Rf2 {/\Bf7/} R5e7 (32... R8e7 33. Rf8) 33. e5) 31.
Rf2 Rxf2 $2 (31... Rf4 32. Re3 (32. g3 Rxf2 33. Qxf2 Qf8) 32... Re8 $14) 32.
Qxf2 Qf8 33. Qd2 $2 (33. Bc4+ Kg7 34. Qd2) 33... Kg7 $2 (33... Kh8) 34. Bc4 $1
Bxe4 (34... Rxe4 35. Qxg5+ Kh8 36. Rxe4 Bxe4 37. Qe5+ $18) (34... Qe7 35. Rf1)
35. Qd7+ (35. Bd3 $5 Rd5 $1 (35... Qd6 36. Qe3 $18) 36. Rxe4 Qd8 (36... Qd6 37.
Qe3 (37. Re3 c4) 37... Rxd3 38. Qxg5+ Kf7 (38... Qg6 39. Qe7+ $18) 39. Qf5+ (
39. Rf4+ Ke8 40. Qg8+ Kd7 41. Qg7+ Kc6 $1 (41... Ke8 42. Qh8+ $1 Ke7 (42... Kd7
43. Rf7+ Kc6 44. Rf6) 43. Qf8+ Kd7 44. Rf7+ Kc6 45. Rf6 Rd1+ 46. Kf2 Rd2+ 47.
Kf3 Rd3+ 48. Kg4 Rd4+ 49. Kh5 Rd5+ 50. Kh4 (50. Kh6 $4 Qxf6+ 51. Qxf6+ Rd6 $19)
50... Rd4+ 51. g4 $18) 42. Rf6 Rd1+ 43. Kf2 Rd2+ 44. Kf3 Rd3+ 45. Ke4 Rd4+ $10)
39... Kg7 (39... Qf6 40. Qxh7+ Kf8 41. Re1 $1 Qd4+ (41... Rd4 42. Qh5) 42. Kh2
$1 Qf4+ (42... Qd6+ 43. Kh1 Rd1 44. Qf5+ Kg7 45. Qg4+ $18) 43. Kh1 Re3 44. Rd1
$18) 40. Rg4+ Kh8 41. Qc8+ Qd8 42. Qxc5 Rd1+ 43. Kh2 Qb8+ 44. Rg3 Rd3 45. Qg5
Rxg3 46. Qxg3 $16) 37. Qe3 Rxd3 38. Qxc5 Rd1+ 39. Kh2 Qb8+ 40. g3 Rd2+ 41. Kh1
Qb7 (41... Qxg3 42. Qe7+ $18) (41... Rd1+ 42. Kg2 Rd2+ 43. Kf3 $1 Qf8+ 44.
Qxf8+ Kxf8 45. Rxb4 $18) 42. Qxg5+ Kf7 43. Qxd2 Qxe4+ 44. Kg1 $16) 35... Qe7 $2
(35... Re7 36. Qd6 Qf6 (36... Re8 37. Qc7+ Kh8 {see 35...Kh8/}) 37. Qxc5 $18) (
35... Kh8 36. Qc7 Re8 37. Bxa6 $16 Bxg2 38. Rxe8 Qxe8 39. Kxg2 Qe4+ 40. Kh2 $1
Qc2+ 41. Kg1 Qc1+ 42. Bf1 Qe3+ 43. Kh2 Qf2+ 44. Bg2 $18) 36. Qxe7+ Rxe7 37. Bd3
$18 (37. Bd5 $18) 37... Bxd3 38. Rxe7+ Kf6 39. Rc7 c4 40. Kf2 Ke5 (40... c3 41.
bxc3 b3 42. Rb7 Bb5 43. axb5 a5 44. Rd7 $18) 41. Ke3 Kd5 (41... Kd6 42. Rc8 Kd7
43. Rc5) 42. g3 Bc2 43. a5 Bf5 44. h4 gxh4 45. gxh4 Bg6 46. Rb7 Kc5 47. Kd2 Bf5
48. Rb6 Bc8 49. h5 h6 50. Rxh6 Kb5 51. Rf6 1-0

[Event "Poikovsky Karpov 10th"]
[Site "Poikovsky"]
[Date "2009.06.10"]
[Round "7"]
[White "Onischuk, Alexander"]
[Black "Shirov, Alexei"]
[Result "1-0"]
[WhiteElo "2684"]
[BlackElo "2745"]
[Annotator "Onischuk,A"]
[PlyCount "73"]
[EventDate "2009.06.03"]
[EventType "tourn"]
[EventRounds "9"]
[EventCountry "RUS"]
[EventCategory "18"]
[SourceTitle "CBM 131"]
[Source "ChessBase"]
[SourceDate "2009.07.15"]
[SourceVersion "1"]
[SourceVersionDate "2009.07.15"]
[SourceQuality "1"]

{In Pojkovsky Alexei Shirov played probably the worst tournament in his chess
career. After 6 rounds he was already on -4. I had lost many games to Alexei
in the past, including the last two with the white pieces, so in this game I
was hoping to take revenge. I realised, however, that he is still very
dangerous.} 1. d4 d5 2. c4 c6 3. Nf3 Nf6 4. Nc3 e6 5. e3 Nbd7 6. Qc2 {A solid
system in Semi Slav variation. I picked up some ideas from Varushan Akobian
who played this line in the US Championship which finished two weeks before
the Pojkovsky tournament.} Bd6 7. Bd3 O-O 8. O-O e5 (8... dxc4 $145 {is the
main move here.}) 9. cxd5 cxd5 10. e4 dxe4 11. Nxe4 Nxe4 12. Bxe4 h6 13. Be3
exd4 14. Bxd4 ({I tried another popular move in in my game with Ray Robson in
the last round of the 2009 US Championship:} 14. Bh7+ Kh8 15. Bxd4 Nf6 16. Bf5
Qa5 17. Bxc8 Rfxc8 $1 18. Qb1 $5 Be7 $1 {and even though I won the game the
position was objectively equal.}) 14... Nf6 15. Rfe1 {This is a relatively new
move, prepared by Akobian and Gabriel Sargissian.} Bg4 ({Ray in his game with
Varushan played} 15... Qc7 {but after} 16. Qxc7 Bxc7 17. Bxf6 gxf6 18. Bd5 $14
{got an unpleasant position.}) 16. Bxb7 Rb8 17. h3 Bxh3 18. Bc6 Qc8 {Shirov is
not satisfied with Black's position after} (18... Bg4 19. Bxa7 Rc8 20. Qa4 Qc7
21. Rac1 Bxf3 (21... Bf4 22. Rc3 Rfd8 23. Bd4 $16) 22. gxf3 $16) {so he goes
looking for complicatons.} 19. gxh3 Qxh3 20. Ne5 $1 {Blocking Black's bishop
and creating the threat to play Bg2.} Rfc8 ({In the event of} 20... Ng4 $5 {
White is winning} 21. Qe4 $1 (21. Qf5 {is more complicated} Qh2+ 22. Kf1 Qh3+
23. Ke2 (23. Bg2 $4 Nh2+ $19) 23... Bxe5 24. Rh1 $1 (24. Bxe5 Rfe8 25. Bxe8
Rxe8 26. Kd2 Rd8+ 27. Ke2 Re8 $11) 24... Bxd4 (24... g6 25. Qe4 Bh2 26. Bd7 $18
) 25. Rxh3 Rxb2+ 26. Kd3 Rxf2 27. Qxg4 Bxa1 $16) 21... Qh2+ 22. Kf1 Bxe5 23.
Qxg4 $18) 21. Qc3 Qh4 22. Rad1 $1 {The simplest way to win. I give up an
exchange, but trade queens.} Bb4 (22... Ng4 {would lead to a similar position
that occured in the game} 23. Nxg4 Qxg4+ 24. Kf1 Bb4 25. Qf3 Qxf3 26. Bxf3 Bxe1
27. Rxe1 $18) 23. Qg3 Qxg3+ 24. fxg3 Bxe1 25. Rxe1 {Now White's position
should be easily won.} Rd8 26. Bc3 Rd6 27. b4 {I'm going to create a passed
pawn on the queenside.} Rbd8 28. b5 Rd1 29. Kf2 Rxe1 30. Kxe1 h5 31. a4 g5 32.
a5 Nd5 33. Bd4 f6 34. Bxa7 $1 {The most precise move. Black cannot stop the
a-pawn} fxe5 35. Bc5 Nc3 36. a6 e4 37. a7 1-0

[Event "Olympiad-36"]
[Site "Mallorca"]
[Date "2004.10.17"]
[Round "3"]
[White "Oms Pallisse, Josep"]
[Black "Pelletier, Yannick"]
[Result "0-1"]
[WhiteElo "2508"]
[BlackElo "2589"]
[Annotator "Pelletier,Y"]
[PlyCount "74"]
[EventDate "2004.10.15"]
[EventType "team-swiss"]
[EventRounds "14"]
[EventCountry "ESP"]
[SourceTitle "CBM 104"]
[Source "ChessBase"]
[SourceDate "2005.01.27"]
[SourceVersion "1"]
[SourceVersionDate "2005.01.27"]
[SourceQuality "1"]
[WhiteTeam "Andorra"]
[BlackTeam "Switzerland"]
[WhiteTeamCountry "AND"]
[BlackTeamCountry "SUI"]

1. d4 d5 2. c4 c6 3. e3 Nf6 4. Nc3 e6 5. Nf3 Nbd7 6. Qc2 Bd6 7. Bd3 O-O 8. O-O
dxc4 9. Bxc4 b5 10. Be2 Bb7 11. e4 e5 12. Bg5 $6 {Verfrüht. An Rd1 geht Weiß
nicht vorbei.} exd4 (12... b4 13. dxe5) 13. Nxd4 Qc7 (13... b4 14. Nf5 $5 Bxh2+
15. Kxh2 Ng4+ 16. Bxg4 Qxg5 17. Be2 bxc3 18. f4 $18) 14. Nf3 ({Interessant,
dass die Stellung nach} 14. g3 {in der Megabase in 2 Partien anzutreffen ist,
und dass Schwarz den besten Zug} b4 {nicht spielte. Nach} 15. Na4 Nxe4 $1 {
[%cal Gb7h1,Gc6c5] hat er aber klaren Vorteil.}) 14... Rfe8 (14... b4 15. Nb1
c5 16. Nbd2 Rfe8 17. Bd3 h6 $13) 15. a3 (15. Bd3 Ng4) 15... a5 ({Schwarz
braucht den störenden Zug b5-b4.} 15... a6 {ist weniger gut wegem Trick} 16.
Rad1 c5 17. Bxb5 $1 {, wonach Weiß in Vorteil kommt:} axb5 18. Nxb5 Bxh2+ 19.
Nxh2 Qb6 20. Nd6 Bxe4 21. Nxe4 Nxe4 22. Rxd7 Nxg5 23. Qf5 $14) 16. Bd3 $6 ({
Von nun an ergreift Schwarz die Initiative. Gut spielbar war} 16. Rac1 Rac8 17.
Qb1 Qb8 18. b4 axb4 19. axb4 Bf4 20. Bxf4 Qxf4 21. g3 $13) 16... Ng4 $1 17. g3
$6 (17. h3 Nge5 18. Nxe5 Nxe5 19. Be2 Ng6 $15 {[%csl Gf4]}) 17... h6 18. Bd2
Nc5 (18... b4 19. axb4 axb4 20. Rxa8 Bxa8 21. Ne2 c5 $15 {[%cal Ga8h1]}) 19.
Rfe1 (19. h3 Nf6 (19... Nxf2 $2 20. Rxf2 Bxg3 21. Rg2 Rad8 22. Bf1 b4 23. axb4
axb4 24. Ne2 Nxe4 25. Nxg3 Nxg3 26. Bxh6 $18) 20. e5 Bxe5 21. Nxe5 Qxe5 22.
Rfe1 Qh5 23. Bf1 b4 24. axb4 axb4 25. Rxa8 Rxa8 $17) 19... Nxd3 ({Verlockend
war ebenfalls} 19... b4 20. axb4 axb4 21. Rxa8 Rxa8 22. Nd1 (22. Ne2 Nxd3 23.
Qxd3 Rd8 $19) 22... Nxd3 23. Qxd3 c5 $17) 20. Qxd3 Rad8 21. Qc2 b4 (21... Qb6
22. Be3 Nxe3 23. Rxe3 Bc5 24. Re2 a4 $15) (21... Bc5 22. Nd1 Qb6 23. Ne3 Nxe3
24. Bxe3 Bxe3 25. Rxe3 c5 26. a4 $132) 22. axb4 axb4 23. Na4 c5 24. Rac1 Rc8 ({
Hier untersuchte ich lange die Alternative} 24... f5 $5 {, konnte aber alle
Verwicklungen nicht richtig einschätzen} 25. exf5 c4 26. Rxe8+ Rxe8 27. Re1 (
27. Nd4 Re4 $1 $19) 27... Rxe1+ 28. Nxe1 Qc6 29. f3 Ne5 30. Qd1 Nxf3+ 31. Nxf3
Qxf3 32. Qxf3 Bxf3 $17) ({Schließlich entschied ich mich für den logischen
Textzug, ohne mal den starken} 24... Nf6 $1 $19 {[%cal Rb7f3] zu sehen.}) 25.
Nh4 (25. b3 Nf6 $19 (25... Qc6 26. Nh4)) 25... c4 26. Nf5 Bf8 (26... Ne5 $5 $19
) 27. Bf4 Qc6 28. b3 ({Etwas hartnäckiger war} 28. f3 b3) 28... cxb3 29. Qd1 (
29. Qxb3 Rxe4) 29... Qxa4 30. Qxg4 Kh7 31. Nxh6 {Verzweiflung, aber die
Alternativen hätten keine Rettung gebracht.} (31. Rxc8 Bxc8) (31. Bd6 Rxe4) (
31. Rcd1 Rxe4 32. Rxe4 Bxe4 $19 {/\ b2}) 31... gxh6 32. Qf5+ Kg8 33. Qg4+ Kh8
34. Qh5 Rxc1 35. Bxc1 Qc6 36. Bb2+ (36. Qxf7 Bg7) 36... Bg7 (36... Kg8 $19) 37.
Rc1 Qe6 (37... Qg6 38. Qxg6 fxg6 39. Bxg7+ Kxg7 40. Rc7+ Kf6 41. Rxb7 Rxe4) 0-1

[Event "ESP-chT"]
[Site "Sanxenxo"]
[Date "2004.11.23"]
[Round "6"]
[White "Pelletier, Yannick"]
[Black "San Segundo Carrillo, Pablo"]
[Result "1-0"]
[WhiteElo "2589"]
[BlackElo "2516"]
[Annotator "Pelletier,Y"]
[PlyCount "107"]
[EventDate "2004.11.18"]
[EventType "team"]
[EventRounds "9"]
[EventCountry "ESP"]
[SourceTitle "CBM 105"]
[Source "ChessBase"]
[SourceDate "2005.04.11"]
[SourceVersion "1"]
[SourceVersionDate "2005.04.11"]
[SourceQuality "1"]

1. Nf3 d5 2. d4 Nf6 3. c4 c6 4. Nc3 e6 5. e3 Nbd7 6. Qc2 Bd6 7. Bd3 O-O 8. O-O
dxc4 9. Bxc4 Qe7 10. Ne2 {Ein seltener Zug, mit welchem ich meinen
Kontrahenten überraschen wollte.} c5 ({Einfach gut ist} 10... e5 11. Ng3 g6 {
und die "Schwächung" ist unwichtig.}) 11. e4 cxd4 12. Nexd4 a6 ({Ebenfalls mit
dem Läuferpaar verbleibt Weiß nach} 12... Ne5 13. Nxe5 Bxe5 14. Nf3 Qc7 15. Qe2
Bd7 16. Nxe5 Qxe5 17. f3 {Trotzdem war dies etwas genauer als die Partie.}) 13.
Qe2 (13. Bg5 {wurde in Nemet-Pelletier, Zürich 1993 gespielt - das erste Mal,
das ich 10.Ne2 sah! Der Textzug verspricht aber auch etwas Vorteil für Weiß.})
13... Ne5 14. Nxe5 Bxe5 15. Nf3 Qc7 16. Nxe5 ({Nach} 16. Bg5 b5 17. Bd3 Bb7 18.
Rac1 Qb8 $13 {(/\ Bf4) sah ich nicht, wie es weitergehen soll.}) 16... Qxe5 17.
f3 {[%csl Gc1,Gc4]} Bd7 (17... b5 18. Bd3 Bb7 19. Be3 Rfd8 20. Rfd1 $14) 18.
Be3 Rfc8 19. Rfd1 Bb5 $1 {Somit löst Schwarz das Problem des Läuferpaars,
schwächt aber dafür seine Bauernstruktur. Wie es sich dann aber herausstellt,
ist dies die beste Verteidigung.} 20. Bxb5 axb5 (20... Qxb5 $6 21. Qxb5 axb5
22. Rac1 $14) 21. Rac1 h5 ({Im Fall von} 21... Rc4 22. Rxc4 (22. b3 Rxc1 23.
Rxc1 b4 $36) 22... bxc4 23. Qxc4 Qxb2 24. a4 $14 {wäre der weiße Vorteil auch
nur gering gewesen. Weiß tauscht nun gerne einen Turm auf der c-Linie.} (24.
Bd4 Qxa2 25. Ra1 Qxa1+ 26. Bxa1 Rxa1+ 27. Kf2 $11)) 22. Rxc8+ Rxc8 23. Bd4 Qg5
24. Qd2 Qxd2 ({Schwarz würde es bevorzugen, die Damen zu behalten, um am
Königsflügel Gegenspiel zu haben. Aber einerseits ist nach} 24... Qg6 25. Bf2
$1 {[%csl Rf6,Rg6,Gh4] sehr lästig, da h5-h4 verhindert wird. Und andererseits
führt der Damentausch zu einem ausgeglichenen Endspiel.}) 25. Rxd2 Rd8 26. Kf2
e5 27. Bc3 Rxd2+ 28. Bxd2 Nd7 29. Ke3 f6 30. Kd3 Nb8 31. b3 Kf7 32. a4 bxa4 $2
({Eine richtige Festung konnte Schwarz nach} 32... Ke6 33. axb5 (33. Kc3 bxa4
34. bxa4 Kd6 35. Kc4 Kc6 36. Bb4 Nd7) 33... Nd7 $11 {[%csl Ya6,Gb6,Yb7,Gc5,Yc6,
Rd5,Gd7,Re6] bauen.}) 33. bxa4 Ke6 34. Kc4 Nd7 35. Bb4 $2 $138 ({Genauer war} 
35. a5 {, um} f5 {mit} (35... g6 36. g4 $1) 36. exf5+ Kxf5 37. Kd5 $18 {
[%csl Gb6] bekämpfen zu können.}) 35... g6 $6 ({Nötig war hier oder später} 
35... f5 {, um dem Springer das Feld f6 freizumachen. Welche entscheidende
Rolle dies spielt, schauen wir etwas später. Nach} 36. g3 (36. exf5+ Kxf5 37.
a5 Ke6) (36. h3 f4) 36... fxe4 37. fxe4 g5 38. h3 g4 39. hxg4 hxg4 40. a5 Nb8
41. Kc5 Nd7+ 42. Kb5 Kf6 $11 {kommt Weiß nicht weiter. Im Gegensatz zur
Partiefortsetzung kann er nämlich den schwarzen g-Bauern nicht angreifen.}) 36.
a5 Nb8 $2 (36... f5 {ist nun weniger effektiv als früher, da Weiß nach} 37.
exf5+ (37. Kb5 fxe4 38. fxe4 g5 39. h3 g4 $11) (37. g3 fxe4 38. fxe4 g5 $11)
37... gxf5 38. g3 (38. h3 f4 $1 $11) 38... Nf6 39. h3 {über einen potenziellen
Freibauern (g) verfügt. Trotzdem denke ich nicht, dass dieser Faktor zum Sieg
genügen kann.}) 37. Kb5 Nd7 38. g3 ({Aufgrund von Zeitmangel verstehen beide
Seiten nicht, worum es hier geht. Erst nach der Zeitnot wurde die weiße
Gewinnidee erkannt. Direkter war} 38. g4 $1 $18) 38... g5 (38... Kf7 {verliert
nach} 39. h3 Ke6 40. g4 hxg4 41. hxg4 f5 (41... Kf7 42. Bd6 (42. a6 bxa6+ 43.
Kxa6 {geht auch, aber es gilt, die lange Variante} Nf8 $1 44. Bxf8 Kxf8 45. Kb6
Kg7 46. Kc6 Kh6 47. Kd7 Kg5 48. Ke6 Kf4 49. Kxf6 Kxf3 50. Kxe5 Kxg4 51. Kf6 {
zu rechnen}) 42... Ke6 43. Ba3 Kf7 44. Bb4 Ke6 {und nun} 45. a6 $1 bxa6+ 46.
Kc6 $18 {[%mdl 4096] Schwarz verliert seinen Springer}) 42. g5 $1 $18 {[%cal
Rd7f6] wichtig ist eben, dass das Feld f6 kontrolliert wird.}) (38... f5 {
kommt hier zu spät wegen} 39. h3 $1 (39. exf5+ $2 Kxf5 $1 $11 {und die Festung
ist perfekt.}) 39... fxe4 40. fxe4 {Die Gewinnideen sind sehr lehrreich:} Kf6 (
40... g5 41. g4 $18 {wie in der Partie.}) 41. Bd6 (41. g4 $2 hxg4 42. hxg4 Kg5
43. a6 bxa6+ 44. Kc6 Nf6 45. Be7 Kxg4 $11) 41... Ke6 42. Ba3 Kf6 43. Bb4 Ke6
44. g4 $1 hxg4 45. hxg4 Kf6 46. Kc4 $1 (46. Bd2 Ke6 47. g5 {erlaubt} Kd6 $1 48.
Bb4+ Kc7 49. Be7 Nb8) 46... Ke6 (46... Kg5 47. Kd5 Kxg4 48. Bd6 $18) 47. g5 Nb8
48. Kb5 Nd7 (48... Kd7 49. Be1 Nc6 (49... Kc7 50. Kc5) 50. Kb6 Nd8 51. Bc3 Kd6
52. Bb2 Nc6 53. Ba1 Nd8 54. Bc3 $22 $18) (48... Nc6 49. Bc3) 49. a6 $1 bxa6+
50. Kxa6 {und Weiß gewinnt} ({oder} 50. Kc6 a5 51. Ba3 a4 52. Kc7 $18)) 39. Bd2
$2 $138 Kd6 $2 $138 ({Leicht remisiert} 39... g4 40. f4 (40. fxg4 hxg4 41. Bb4
{(/\ a6!)} f5 42. exf5+ Kxf5 $11) 40... exf4 41. Bxf4 f5 $1 $11) 40. Bb4+ Ke6
41. h3 f5 (41... Kf7 42. g4 hxg4 43. hxg4 Ke6 44. a6 $1 bxa6+ 45. Kxa6 (45. Kc6
$1 $18) 45... Kf7 46. Kb7 $18) 42. g4 ({Nur nicht} 42. exf5+ $2 Kxf5 43. Bd2 e4
$1 44. g4+ (44. fxe4+ Kxe4 45. Bxg5 Kf3 46. Bh4 (46. Bf4 h4) 46... Kg2 47. Kc4
Ne5+ $1 48. Kc5 (48. Kd5 Nc6) 48... Kxh3 $11) 44... Ke5 $1 (44... hxg4 $2 45.
fxg4+ Kf6 46. Kc4 Ne5+ 47. Kc5 (47. Kd5 Nc6) 47... Kg6 48. Bc3 $18) 45. gxh5
exf3 46. Be1 Kf6 47. Kc4 Ne5+ 48. Kd4 g4 $11) 42... fxg4 (42... hxg4 43. hxg4
f4 44. Kc4 Nb8 45. Kc5 Nd7+ 46. Kb5 Kf7 47. Bd6 Ke6 48. Bc7 Ke7 49. Kc4 Ke6 50.
Bd8 $18) 43. fxg4 hxg4 44. hxg4 {Nun gewinnt Weiß dank der Anfälligkeit des
Bauern g5.} Kf7 45. Bd2 Kg6 46. Bc1 Kh6 (46... Kf6 47. Kc4 Kg6 48. Kd5 Nf6+ 49.
Kd6 Nxe4+ 50. Kc7 Nc5 51. Ba3 Nb3 52. Bb4 Nxa5 (52... e4 53. Kxb7 Nxa5+ 54.
Bxa5 e3) 53. Bxa5 e4 54. Bd2 $18) 47. Ba3 Kg7 48. Be7 Kg6 49. Bd8 Kh6 50. Kc4
Kg6 51. Kb4 (51. Kd5 {gewinnt natürlich auch, aber der Textzug erobert den
Springer.}) 51... Kh6 52. Kb5 Kg6 53. Be7 Kh6 54. a6 {Nach 54...bxa6 folgt
natürlich 55.Kc6} 1-0